| 000 | 00316nam a2200109Ia 4500 | ||
|---|---|---|---|
| 008 | 190216s9999||||xx |||||||||||||| ||und|| | ||
| 100 | _aDillard | ||
| 245 | 0 | _a"Competition Master Guide To State Bank,Nationalised Banks, Pos And Management Trainees Exam" | |
| 260 | _bDillon Pub | ||
| 650 | _aReferences | ||
| 942 | _cREF | ||
| 999 |
_c35710 _d35710 |
||